| 000 | 00775nam a2200253 a 4500 | ||
|---|---|---|---|
| 001 | 65744 | ||
| 003 | BD-RjUL | ||
| 005 | 20211209081447.0 | ||
| 008 | 170311s1977 ru af 000 0 eng d | ||
| 020 | _c0.46rub | ||
| 035 | _a(BD-RjUL)65874 | ||
| 040 |
_aDLC _cDLC _dDLC _dBD-RjUL _beng |
||
| 041 | _aeng | ||
| 082 | 0 | 0 |
_223 _a509.47 _bUSS 1977 |
| 245 | 0 | 0 |
_aScience over the 60 years / _cUSSR. |
| 260 |
_aMoscow : _bNovosti Press Agency Pub. House, _c1977. |
||
| 300 |
_a45 p., [16] leaves of plates : _bill. ; _c19 cm. |
||
| 490 | 0 | _aUSSR, yesterday, today, and tomorrow | |
| 650 | 0 |
_aScience _zSoviet Union. _9194414 |
|
| 650 | 0 |
_aResearch _zSoviet Union. _9194415 |
|
| 830 |
_aUSSR, yesterday, today, and tomorrow _9194416 |
||
| 942 |
_2ddc _cBK |
||
| 999 |
_c65744 _d65744 |
||